Rise and Growth of Economic Nationalism in India (Record no. 220380)

MARC details
000 -LEADER
fixed length control field 00805nam a22002777a 4500
005 - DATE AND TIME OF LATEST TRANSACTION
control field 20211104122353.0
008 - FIXED-LENGTH DATA ELEMENTS--GENERAL INFORMATION
fixed length control field 211104b ||||| |||| 00| 0 eng d
020 ## - INTERNATIONAL STANDARD BOOK NUMBER
International Standard Book Number 9788170071410
040 ## - CATALOGING SOURCE
Transcribing agency AL
041 ## - LANGUAGE CODE
Language code of text/sound track or separate title eng
082 ## - DEWEY DECIMAL CLASSIFICATION NUMBER
Edition number 23
Classification number 338.954
Item number CHAR
100 ## - MAIN ENTRY--PERSONAL NAME
Personal name Bipan Chandra
9 (RLIN) 9693
245 ## - TITLE STATEMENT
Title Rise and Growth of Economic Nationalism in India
260 ## - PUBLICATION, DISTRIBUTION, ETC.
Place of publication, distribution, etc. New Delhi
Name of publisher, distributor, etc. People's Publishing House
Date of publication, distribution, etc. 1991
300 ## - PHYSICAL DESCRIPTION
Extent xvii,783 p.
Other physical details PB
Dimensions 21x14 cm.
365 ## - TRADE PRICE
Price amount 140.00
Currency code
Unit of pricing 140.00
650 ## - SUBJECT ADDED ENTRY--TOPICAL TERM
Topical term or geographic name entry element Economic Development
9 (RLIN) 9694
650 ## - SUBJECT ADDED ENTRY--TOPICAL TERM
Topical term or geographic name entry element Economic Policy
9 (RLIN) 9695
650 ## - SUBJECT ADDED ENTRY--TOPICAL TERM
Topical term or geographic name entry element Agriculture
9 (RLIN) 9696
650 ## - SUBJECT ADDED ENTRY--TOPICAL TERM
Topical term or geographic name entry element Economic History
9 (RLIN) 9697
650 ## - SUBJECT ADDED ENTRY--TOPICAL TERM
Topical term or geographic name entry element Industry
9 (RLIN) 9698
650 ## - SUBJECT ADDED ENTRY--TOPICAL TERM
Topical term or geographic name entry element Political Economy
9 (RLIN) 9699
650 ## - SUBJECT ADDED ENTRY--TOPICAL TERM
Topical term or geographic name entry element Public Finance
9 (RLIN) 9700
700 ## - ADDED ENTRY--PERSONAL NAME
Personal name CHANDRA (Bipan)
9 (RLIN) 9701
942 ## - ADDED ENTRY ELEMENTS (KOHA)
Source of classification or shelving scheme Dewey Decimal Classification
Koha item type George Fernandes Collections
Holdings
Withdrawn status Lost status Source of classification or shelving scheme Damaged status Not for loan Collection code Home library Current library Date acquired Total Checkouts Full call number Barcode Date last seen Price effective from Koha item type
    Dewey Decimal Classification     Political Science St Aloysius Library St Aloysius Library 03/24/2013   338.954 CHAR GF01647 11/04/2021 11/04/2021 George Fernandes Collections